Elton John songs by opening line - Statistics

General Stats
  • This quiz has been taken 283 times
  • The average score is 12 of 20
Answer Stats
Hint Answer % Correct
She packed my bags last night pre-flight Rocket Man
94%
Blue jean baby, L.A. lady, seamstress for the band Tiny Dancer
93%
It's a little bit funny, this feeling inside Your Song
93%
I remember when rock was young Crocodile Rock
91%
Daniel is traveling tonight on a plane Daniel
86%
Goodbye Norma Jean, though I never knew you at all Candle in the Wind
83%
When are you gonna come down? Goodbye Yellow Brick Road
83%
Hey kids, shake it loose together Bennie and the Jets
76%
You could never know what it's like, Your blood like winter freezes just like ice I'm Still Standing
75%
It's getting late have you seen my mates Saturday Night's Alright (For Fighting)
57%
Levon wears his war wound like a crown Levon
54%
Don't wish it away, don't look at it like it's forever I Guess That's Why They Call It the Blues
52%
What have I got to do to make you love me Sorry Seems To Be The Hardest Word
52%
When I look back, boy, I must have been green, Bopping in the country, fishing in a stream Honky Cat
49%
From the day we arrive on the planet, and blinking, step into the Sun Circle of Life
45%
It's a human sign, when things go wrong Sacrifice
41%
Guess there are times when we all need to share a little pain Sad Songs (Say So Much)
25%
What happened here, as the New York sunset disappeared Empty Garden
19%
When the shades are drawn, and the light of the moon is banned Club at the end of the street
7%
I never dreamed I could cry so hard, that ain't like a man Healing Hands
5%
No matching quizzes found
Score Distribution
Percent of People with Each Score
Percentile by Number Answered
Your Score History
You have not taken this quiz